000
00287 a2200133 4500
000
nam a22 7a 4500
100
_a
Arya,Amit
110
_a
Arya,Amit
245
_a
Media and Politics
250
_a
latest edition
260
_b
RAJAT
_c
2024
264
_b
RAJAT
_c
2024
942
_c
BK
999
_c
397251
_d
397251